Dôchodcovia a nemocenské dávky

Od 1.8.2006 nadobudol účinnosť zákon č. 310/2006 Z.z., ktorým sa mení a dopĺňa zákon č. 461/2003 Z.z. o sociálnom poistení. Zmeny v nemocenskom poistení týkajúce sa ekonomicky činných osôb, ktorým bol priznaný starobný dôchodok, predčasný starobný dôchodok alebo invalidný dôchodok. Možnosť dobrovoľn...

Descrizione completa

Salvato in:
Dettagli Bibliografici
Autore principale: Siváčková, Monika
Natura: Capitolo di libro
Lingua:slovacco
Soggetti:
Tags: Aggiungi Tag
Nessun Tag, puoi essere il primo ad aggiungerne!!

MARC

LEADER 00000naa$a2200000$$$4500
001 0049184
005 20230925074516.3
041 0 |a slo 
044 |a SK 
245 1 0 |a Dôchodcovia a nemocenské dávky  |c Monika Siváčková 
520 |a Od 1.8.2006 nadobudol účinnosť zákon č. 310/2006 Z.z., ktorým sa mení a dopĺňa zákon č. 461/2003 Z.z. o sociálnom poistení. Zmeny v nemocenskom poistení týkajúce sa ekonomicky činných osôb, ktorým bol priznaný starobný dôchodok, predčasný starobný dôchodok alebo invalidný dôchodok. Možnosť dobrovoľného nemocenského poistenia aj pre poberateľov dôchodku. 
610 2 0 |a poistenie sociálne 
610 2 0 |a poistenie nemocenské 
610 2 0 |a dôchodky starobné 
610 2 0 |a dôchodky invalidné 
610 2 0 |a dôchodcovia 
610 2 0 |a poistenie povinné 
610 2 0 |a poistenie dobrovoľné 
610 2 0 |a dávky poistné 
100 1 |a Siváčková, Monika